| 000 | 00791cam a22002533a 4500 | ||
|---|---|---|---|
| 001 | 27145 | ||
| 003 | PGUSA | ||
| 005 | 20140828083603.0 | ||
| 008 | 081104s2008||||xxu|||||s|||||000 1 eng d | ||
| 040 |
_aPGUSA _beng |
||
| 042 | _adc | ||
| 050 | 4 | _aPL | |
| 100 | 1 | _aLuo, Guanzhong | |
| 245 | 1 | 0 |
_a殘唐五代史演義傳 _h[electronic resource] / _cGuanzhong Luo |
| 260 |
_bProject Gutenberg, _c2008 |
||
| 506 | _aPublic domain in the USA. | ||
| 516 | _aElectronic text | ||
| 653 | _aChina -- History -- Five dynasties and the Ten kingdoms, 907-979 -- Fiction | ||
| 653 | _aChina -- History -- Tang dynasty, 618-907 -- Fiction | ||
| 740 | 0 | _aCan Tang Wu dai shi yan yi zhuan | |
| 830 | 0 |
_aProject Gutenberg _v27145 |
|
| 856 | 4 | 0 | _uhttp://www.gutenberg.org/ebooks/27145 |
| 942 | _cEB | ||
| 999 |
_c256400 _d256400 |
||